Through the Looking Glass and What Alice Found There (Record no. 17811)
[ view plain ]
| 000 -LEADER | |
|---|---|
| fixed length control field | 00360nam a22001457a 4500 |
| 003 - CONTROL NUMBER IDENTIFIER | |
| control field | OSt |
| 008 - FIXED-LENGTH DATA ELEMENTS--GENERAL INFORMATION | |
| fixed length control field | 231114b |||||||| |||| 00| 0 eng d |
| 041 ## - LANGUAGE CODE | |
| Language code of text/sound track or separate title | eng |
| 082 ## - DEWEY DECIMAL CLASSIFICATION NUMBER | |
| Classification number | 823.308 |
| Item number | CAR / T |
| 100 ## - MAIN ENTRY--AUTHOR NAME | |
| Personal name | Carrol, Lewis |
| 245 ## - TITLE STATEMENT | |
| Title | Through the Looking Glass and What Alice Found There |
| 300 ## - PHYSICAL DESCRIPTION | |
| Number of Pages | 96pages. |
| 700 ## - ADDED ENTRY--PERSONAL NAME | |
| Personal name | Baxter, AM. |
| 942 ## - ADDED ENTRY ELEMENTS (KOHA) | |
| Koha item type | Books |
| Withdrawn status | Lost status | Damaged status | Home library | Current library | Shelving location | Date acquired | Full call number | Accession Number | Koha item type |
|---|---|---|---|---|---|---|---|---|---|
| Withdrawn | KAUAET | Central Prison Tavanur | General Stacks | 14/11/2023 | 823.308 CAR / T | 10941 | Books |
